Athribis IX

محفوظ في:

المؤلف الرئيسي: Susan Böttcher

مؤلفون آخرون: Christian Leitz, Daniela Mendel

التنسيق: كتاب

اللغة: Undetermined

منشور في: Cairo Institut français d'archéologie orientale 2025

سلاسل: Temples of Athribis 9

الموضوعات:

الوسوم: إضافة وسم

لا توجد وسوم, كن أول من يضع وسما على هذه التسجيلة!

رقم الطلب: On Hold

LEADER 00630nam a2200193Ia 4500
005 20260324113529.0
008 260324s9999||||xx |||||||||||||| ||und||
020 |a 9782724710854 
050 4 |a On Hold 
100 0 |a Susan Böttcher 
245 1 0 |a Athribis IX  |c Susan Böttcher 
264 1 |a Cairo  |b Institut français d'archéologie orientale  |c 2025 
300 |a 524 pages  |b illustrations  |c 29 cm 
490 0 |a Temples of Athribis 9 
650 4 |a Architectural texts in Ptolemaic Egypt 
650 4 |a Egyptology and hieroglyphic studies 
650 4 |a Temple inscriptions at Athribis 
700 0 |a Christian Leitz, Daniela Mendel 
999 |c 61893  |d 61893